| 000 | 00495nam a22001937a 4500 | ||
|---|---|---|---|
| 003 | OSt | ||
| 008 | 250117b |||||||| |||| 00| 0 eng d | ||
| 020 | _a9788194526377 | ||
| 082 | _a615.6 KUN | ||
| 100 | _aKumar, Sarvesh. | ||
| 245 | _aNovel Drugs Delivery Systems | ||
| 250 | _aIst 2023 | ||
| 260 |
_aNew Delhi _bMackhingee Publisher _c2023 |
||
| 300 | _a223 | ||
| 650 | _aNovel Drug Delivery Systems | ||
| 700 | _aSinghal, Peeush | ||
| 700 | _aSwami, Novneet and ets | ||
| 942 |
_2ddc _cBK |
||
| 999 |
_c12998 _d12998 |
||